I. El Peregrino en su Patria : historia y política de México
Guardat en:
| Autor principal: | |
|---|---|
| Format: | Llibre |
| Idioma: | Undetermined |
| Publicat: |
México, Distrito Federal
Fondo de Cultura Económica
1987
|
| Matèries: | |
| Etiquetes: |
Afegir etiqueta
Sense etiquetes, Sigues el primer a etiquetar aquest registre!
|
MARC
| LEADER | 00000nam a2200000Ia 4500 | ||
|---|---|---|---|
| 008 | 170316s9999 xx 000 0 und d | ||
| 040 | |a cru BVZT | ||
| 090 | |a 860 P-13pph | ||
| 100 | |a Paz, Octavio | ||
| 245 | |a I. El Peregrino en su Patria : historia y política de México | ||
| 260 | |a México, Distrito Federal | ||
| 260 | |b Fondo de Cultura Económica | ||
| 260 | |c 1987 | ||
| 300 | |a 766 páginas | ||
| 650 | |a LITERATURA LATINOAMERICANA | ||
| 999 | |c 9070 |d 9070 | ||
| 942 | |c 15 D |h 860 P-13pph |2 z | ||
